[Event "Gibraltar Masters 2014"]
[Site "Caleta ENG"]
[Date "2014.01.28"]
[Round "1.102"]
[White "Nezad, H."]
[Black "Whatley, Stephen A J"]
[Result "1-0"]
[WhiteElo "2373"]
[BlackElo "1855"]
[PlyCount "61"]
[EventDate "2014.01.28"]

1. e4 c5 2. Nf3 Nc6 3. Bb5 e6 4. Bxc6 bxc6 5. d3 Ne7 6. Qe2 d6 7. e5 Nf5 8. Na3
Nd4 9. Nxd4 cxd4 10. exd6 Bxd6 11. Nc4 O-O 12. O-O Ba6 13. Nxd6 Qxd6 14. Qg4 e5
15. Bd2 f5 16. Qh4 e4 17. Rfe1 exd3 18. cxd3 Bxd3 19. Bg5 Qg6 20. f3 c5 21.
Rac1 Qb6 22. Be7 Rfc8 23. Qg3 c4 24. Bd6 f4 25. Qxf4 c3 26. bxc3 dxc3+ 27. Kh1
c2 28. Re7 Rf8 29. Qe5 Rf7 30. Re8+ Rf8 31. Qd5+ 1-0

[Event "Gibraltar Masters 2014"]
[Site "Caleta ENG"]
[Date "2014.01.28"]
[Round "1.103"]
[White "Lobersli, Henrik Oie"]
[Black "Kaczmarczyk, D."]
[Result "1/2-1/2"]
[WhiteElo "1862"]
[BlackElo "2358"]
[PlyCount "118"]
[EventDate "2014.01.28"]

1. d4 Nf6 2. c4 g6 3. Nc3 d5 4. Nf3 Bg7 5. cxd5 Nxd5 6. Bg5 c5 7. Rc1 Nxc3 8.
bxc3 O-O 9. e3 Nc6 10. Be2 b6 11. O-O Bb7 12. Qb3 Na5 13. Qa3 h6 14. Bh4 Rc8
15. Rfd1 Qe8 16. Bg3 c4 17. Nd2 Qd7 18. Bf3 Rfd8 19. Bxb7 Qxb7 20. Rb1 Rd7 21.
Nf3 Nc6 22. e4 e6 23. Bd6 Ne7 24. Re1 Rc6 25. Bxe7 Rxe7 26. e5 Rd7 27. Nd2 b5
28. Ne4 Qb6 29. Qb2 Rd5 30. Nd6 Bf8 31. Nxb5 a6 32. Nd6 Qxb2 33. Rxb2 Bxd6 34.
exd6 Rcxd6 35. Rb4 Rc6 36. g3 g5 37. g4 Kg7 38. Kg2 Kg6 39. Kg3 h5 40. h3 f5
41. f3 h4+ 42. Kf2 Kf6 43. Rb8 Ra5 44. Re2 fxg4 45. fxg4 Ra3 46. Rc2 Rd6 47.
Rc8 Rd5 48. Rxc4 Rda5 49. Rb4 Rxa2 50. Rbb2 Rxb2 51. Rxb2 Ra1 52. c4 Rd1 53. d5
exd5 54. cxd5 a5 55. Rb5 a4 56. Ra5 Rd3 57. Kg2 a3 58. d6 Rd2+ 59. Kf3 Rxd6
1/2-1/2

[Event "Gibraltar Masters 2014"]
[Site "Caleta ENG"]
[Date "2014.01.28"]
[Round "1.104"]
[White "Lampert, J."]
[Black "George, Lolomari Erekosima"]
[Result "1-0"]
[WhiteElo "2358"]
[BlackElo "1835"]
[PlyCount "57"]
[EventDate "2014.01.28"]

1. d4 Nf6 2. c4 g6 3. Nc3 Bg7 4. e4 d6 5. Be2 O-O 6. Bg5 Na6 7. Qd2 c5 8. d5
Nc7 9. Nf3 e6 10. O-O exd5 11. exd5 b5 12. cxb5 a6 13. a4 axb5 14. axb5 Bb7 15.
Bc4 Qd7 16. Rad1 Rfe8 17. b6 Qg4 18. Qf4 h6 19. Qxg4 Nxg4 20. Bf4 Na6 21. Bxd6
Rad8 22. Bc7 Ra8 23. d6 Bf6 24. d7 Rf8 25. h3 Bxf3 26. gxf3 Ne5 27. Bxe5 Bxe5
28. Bxa6 Rxa6 29. d8=Q 1-0

[Event "Gibraltar Masters 2014"]
[Site "Caleta ENG"]
[Date "2014.01.28"]
[Round "1.105"]
[White "Dennis, N."]
[Black "Solomon, K."]
[Result "0-1"]
[WhiteElo "1848"]
[BlackElo "2351"]
[PlyCount "82"]
[EventDate "2014.01.28"]

1. e4 g6 2. d4 Bg7 3. c4 d6 4. Nc3 Nf6 5. Nf3 O-O 6. Be2 Nbd7 7. O-O e5 8. dxe5
dxe5 9. Bg5 h6 10. Bxf6 Qxf6 11. Qc2 c6 12. b4 Re8 13. c5 Nf8 14. Bc4 Bg4 15.
Nd2 Rad8 16. f3 Be6 17. Rad1 Rxd2 18. Rxd2 Bxc4 19. Rfd1 h5 20. Ne2 Bxe2 21.
Rxe2 Ne6 22. Qa4 Nd4 23. Rb2 a6 24. Rd3 h4 25. Qd1 Bh6 26. a4 Bf4 27. Kh1 Kg7
28. Ra2 Rh8 29. Rb2 Qg5 30. Ra2 Qe7 31. Raa3 a5 32. b5 Qxc5 33. bxc6 bxc6 34.
Rac3 Qb4 35. Qa1 Rb8 36. Rd1 c5 37. Ra3 c4 38. Rxd4 exd4 39. Qxd4+ Kg8 40. e5
c3 41. Qxb4 Rxb4 0-1

[Event "Gibraltar Masters 2014"]
[Site "Caleta ENG"]
[Date "2014.01.28"]
[Round "1.106"]
[White "Kochetkova, J."]
[Black "Cruz Fiallos, Hamilton Tarley"]
[Result "1-0"]
[WhiteElo "2352"]
[BlackElo "1844"]
[PlyCount "63"]
[EventDate "2014.01.28"]

1. e4 e6 2. d4 d5 3. Nd2 c5 4. exd5 exd5 5. Ngf3 Nf6 6. Bb5+ Bd7 7. Bxd7+ Nbxd7
8. O-O Be7 9. dxc5 Nxc5 10. Nd4 O-O 11. Nf5 Re8 12. Nb3 Nxb3 13. Nxe7+ Qxe7 14.
axb3 Qc5 15. Be3 Rxe3 16. fxe3 Qxe3+ 17. Kh1 Qc5 18. c3 a6 19. Ra4 Re8 20. Raf4
h6 21. Qf3 Re6 22. Rf5 Qc7 23. b4 Qc4 24. Qf4 Qb3 25. Qb8+ Re8 26. Qxb7 Qxb2
27. Rxd5 Qxc3 28. Rdd1 Re5 29. Rc1 Qe3 30. Rc8+ Kh7 31. Qxf7 Rh5 32. Rxf6 1-0

[Event "Gibraltar Masters 2014"]
[Site "Caleta ENG"]
[Date "2014.01.28"]
[Round "1.107"]
[White "Christophe Hayot, R."]
[Black "Wemmers, X."]
[Result "0-1"]
[WhiteElo "1841"]
[BlackElo "2348"]
[PlyCount "72"]
[EventDate "2014.01.28"]

1. Nf3 Nf6 2. b3 d6 3. d4 g6 4. Nbd2 Bg7 5. Bb2 O-O 6. e3 b6 7. Be2 Bb7 8. O-O
Nbd7 9. Rc1 e6 10. c4 Qe7 11. Ba3 c5 12. Qc2 Rac8 13. Rfe1 a6 14. Bb2 b5 15. e4
cxd4 16. Bxd4 e5 17. Be3 d5 18. exd5 Nxd5 19. Bg5 f6 20. Bh4 g5 21. Bg3 f5 22.
Nxe5 Nxe5 23. Bxe5 Qxe5 24. Bf3 Qc7 25. Qd3 Nf4 26. Qb1 b4 27. Bxb7 Qxb7 28.
Nf3 Bc3 29. Rxc3 bxc3 30. Qc2 Rce8 31. Rxe8 Rxe8 32. Qxf5 h6 33. h4 Qh7 34. Qg4
c2 35. Nxg5 c1=Q+ 36. Kh2 hxg5 0-1

[Event "Gibraltar Masters 2014"]
[Site "Caleta ENG"]
[Date "2014.01.28"]
[Round "1.108"]
[White "Lejlic, S."]
[Black "Rygg, Snorre"]
[Result "1-0"]
[WhiteElo "2345"]
[BlackElo "1840"]
[PlyCount "57"]
[EventDate "2014.01.28"]

1. e4 c5 2. Nf3 d6 3. c3 Nf6 4. Bd3 g6 5. O-O Bg7 6. Bc2 O-O 7. h3 b5 8. Re1
Bb7 9. d4 Nc6 10. d5 Na5 11. Nbd2 Rc8 12. Rb1 Re8 13. b4 cxb4 14. cxb4 Nc4 15.
Nxc4 bxc4 16. Nd4 Nd7 17. Be3 a6 18. Ba4 e6 19. b5 exd5 20. bxa6 Bxa6 21. exd5
Qc7 22. Bc6 Rb8 23. Rc1 Rb2 24. a4 Reb8 25. Bb5 Bxb5 26. Nxb5 R2xb5 27. axb5
Rxb5 28. Qa4 Rxd5 29. Qa8+ 1-0

[Event "Gibraltar Masters 2014"]
[Site "Caleta ENG"]
[Date "2014.01.28"]
[Round "1.109"]
[White "Nordstrom, Hakon N"]
[Black "Ben Artzi, I."]
[Result "0-1"]
[WhiteElo "1835"]
[BlackElo "2344"]
[PlyCount "56"]
[EventDate "2014.01.28"]

1. e4 d6 2. d4 Nf6 3. Nc3 g6 4. f4 Bg7 5. Nf3 O-O 6. Be3 b6 7. Qd2 Bb7 8. Bd3
c5 9. e5 cxd4 10. Bxd4 dxe5 11. Bxe5 Nc6 12. O-O-O Nxe5 13. Nxe5 Qc7 14. Rde1
Rfd8 15. f5 Ne4 16. Nxe4 Qxe5 17. Nc3 Qc5 18. fxg6 hxg6 19. Rhf1 Rac8 20. Qf2
Qxf2 21. Rxf2 e6 22. Ref1 Rd7 23. Kd2 Bxc3+ 24. bxc3 e5 25. Kc1 Rxc3 26. Kb2
Rc5 27. Rd1 e4 28. Be2 Rdc7 0-1

[Event "Gibraltar Masters 2014"]
[Site "Caleta ENG"]
[Date "2014.01.28"]
[Round "1.110"]
[White "Abdumalik, Z."]
[Black "Olsen, Mi"]
[Result "1-0"]
[WhiteElo "2344"]
[BlackElo "1998"]
[PlyCount "47"]
[EventDate "2014.01.28"]

1. e4 c5 2. Nf3 e6 3. d4 cxd4 4. Nxd4 Nc6 5. Nc3 a6 6. Be3 Qc7 7. Nb3 Nf6 8.
Bd3 Be7 9. f4 d6 10. Qf3 Rb8 11. O-O O-O 12. Kh1 b5 13. Rae1 Bb7 14. Qh3 g6 15.
f5 b4 16. Ne2 e5 17. Bh6 Rfe8 18. Qh4 Qd8 19. Bg5 Nd7 20. fxg6 hxg6 21. Rxf7
Nf8 22. Rxf8+ Rxf8 23. Bc4+ Kg7 24. Qh6# 1-0

[Event "Gibraltar Masters 2014"]
[Site "Caleta ENG"]
[Date "2014.01.28"]
[Round "1.111"]
[White "Holleland, Sigve"]
[Black "Bellin, R."]
[Result "0-1"]
[WhiteElo "1812"]
[BlackElo "2337"]
[PlyCount "84"]
[EventDate "2014.01.28"]

1. d4 e6 2. c4 Nf6 3. Nf3 b6 4. Bg5 Bb7 5. e3 h6 6. Bh4 g5 7. Bg3 Ne4 8. Bd3
Bb4+ 9. Kf1 Nxg3+ 10. hxg3 Bf8 11. Nc3 Bg7 12. a3 g4 13. Nd2 h5 14. Be4 Bxe4
15. Ndxe4 f5 16. Nd2 Nc6 17. d5 Ne5 18. dxe6 dxe6 19. Qa4+ Kf7 20. Rd1 Qe7 21.
e4 c6 22. Qc2 Qf6 23. exf5 exf5 24. Ne2 Ng6 25. Nb3 Rad8 26. Rxd8 Rxd8 27. Rxh5
Ne7 28. Nc3 Qd6 29. Kg1 Qd3 30. Qc1 Bxc3 31. bxc3 Qd1+ 32. Qxd1 Rxd1+ 33. Kh2
c5 34. Rh7+ Ke6 35. Rh8 Rb1 36. Nd2 Ra1 37. Rh6+ Kd7 38. Rh7 Rd1 39. Nb3 Rf1
40. Rh8 Rxf2 41. Ra8 Nc8 42. Nc1 Rd2 0-1

[Event "Gibraltar Masters 2014"]
[Site "Caleta ENG"]
[Date "2014.01.28"]
[Round "1.112"]
[White "Studer, N."]
[Black "Steenbergen, P."]
[Result "1-0"]
[WhiteElo "2337"]
[BlackElo "1772"]
[PlyCount "77"]
[EventDate "2014.01.28"]

1. e4 Nf6 2. e5 Nd5 3. c4 Nb6 4. d4 d6 5. exd6 exd6 6. Bd3 Nc6 7. Nf3 Bg4 8. h3
Bh5 9. g4 Bg6 10. Nc3 Be7 11. Be3 Bxd3 12. Qxd3 d5 13. c5 Nc4 14. Bf4 O-O 15.
b3 Nb4 16. Qe2 Na3 17. O-O Re8 18. Qd2 c6 19. Rae1 Qa5 20. Bg3 b6 21. Re2 Bf8
22. Rxe8 Rxe8 23. Re1 Rd8 24. Bc7 Rc8 25. Bd6 bxc5 26. dxc5 Qd8 27. Bxf8 Qxf8
28. Na4 a5 29. Nb6 Rd8 30. Na4 Re8 31. Nd4 g6 32. g5 Re7 33. Nf3 Qe8 34. Rxe7
Qxe7 35. Nh2 Qe4 36. Ng4 Qb1+ 37. Kh2 Qxa2 38. Qf4 Qe2 39. Nh6+ 1-0

[Event "Gibraltar Masters 2014"]
[Site "Caleta ENG"]
[Date "2014.01.28"]
[Round "1.113"]
[White "Nielsen, Pet"]
[Black "Vojinovic, J."]
[Result "0-1"]
[WhiteElo "1760"]
[BlackElo "2335"]
[PlyCount "68"]
[EventDate "2014.01.28"]

1. c4 c5 2. Nc3 Nc6 3. g3 Nf6 4. Bg2 g6 5. Nf3 d6 6. O-O Bg7 7. e4 a6 8. a3 Rb8
9. d3 O-O 10. Bd2 b5 11. Rb1 b4 12. axb4 Nxb4 13. Qe2 Ne8 14. Nd1 Bg4 15. h3
Bxf3 16. Bxf3 Nc7 17. Bc3 Ne6 18. Ne3 Nc6 19. Nc2 Ned4 20. Bxd4 Bxd4 21. e5
Nxe5 22. Nxd4 cxd4 23. Bg2 Rb3 24. Rfd1 Nd7 25. Bc6 Nc5 26. h4 e6 27. h5 Qf6
28. hxg6 hxg6 29. Kg2 Rfb8 30. Rd2 R8b6 31. Be4 Na4 32. f4 Nc3 33. bxc3 Rxb1
34. cxd4 Qxd4 0-1

[Event "Gibraltar Masters 2014"]
[Site "Caleta ENG"]
[Date "2014.01.28"]
[Round "1.114"]
[White "Gaehwiler, G."]
[Black "Kristinsson, Magnus"]
[Result "1-0"]
[WhiteElo "2332"]
[BlackElo "1741"]
[PlyCount "51"]
[EventDate "2014.01.28"]

1. Nf3 Nf6 2. c4 g6 3. Nc3 d5 4. cxd5 Nxd5 5. Qb3 Nxc3 6. Qxc3 f6 7. e4 Bg7 8.
Bc4 e5 9. d3 Qd6 10. Be3 b6 11. d4 Nd7 12. O-O-O Qe7 13. Bd5 Rb8 14. Qxc7 Ba6
15. Kb1 Rc8 16. Qxa7 Be2 17. Rc1 Qd8 18. Rxc8 Qxc8 19. Rc1 Qd8 20. dxe5 fxe5
21. Bg5 Bf6 22. Bxf6 Qxf6 23. Rc6 Bd3+ 24. Ka1 Qf4 25. Qa8+ Ke7 26. Qxh8 1-0

[Event "Gibraltar Masters 2014"]
[Site "Caleta ENG"]
[Date "2014.01.28"]
[Round "1.115"]
[White "Bauer, D."]
[Black "Hoolt, S."]
[Result "0-1"]
[WhiteElo "1727"]
[BlackElo "2331"]
[PlyCount "72"]
[EventDate "2014.01.28"]

1. g3 d5 2. Bg2 Nf6 3. Nf3 Bg4 4. c4 e6 5. cxd5 exd5 6. Qb3 Qc8 7. O-O Nbd7 8.
d3 Bd6 9. Nc3 c6 10. Bd2 O-O 11. Rac1 Nc5 12. Qd1 Bxf3 13. Bxf3 Qh3 14. Rc2 a5
15. Qc1 Ne6 16. e3 Qf5 17. Be2 Rfe8 18. Nd1 h5 19. f4 Nd4 20. exd4 Rxe2 21. Nc3
Re6 22. Rf3 Rae8 23. Qf1 h4 24. Nd1 Ng4 25. h3 hxg3 26. hxg4 Qxg4 27. Bxa5 Rh6
28. Ne3 Qh5 29. Qg2 Bxf4 30. Re2 g5 31. Bd2 Rhe6 32. Nxd5 cxd5 33. Rxe6 Rxe6
34. Bxf4 Re1+ 35. Rf1 Rxf1+ 36. Kxf1 Qd1# 0-1

[Event "Gibraltar Masters 2014"]
[Site "Caleta ENG"]
[Date "2014.01.28"]
[Round "1.116"]
[White "Welling, G."]
[Black "Neumanova, M."]
[Result "1-0"]
[WhiteElo "2326"]
[BlackElo "1719"]
[PlyCount "63"]
[EventDate "2014.01.28"]

1. b4 d5 2. e3 e6 3. Bb2 Nf6 4. a3 c5 5. bxc5 Bxc5 6. Nf3 O-O 7. d4 Be7 8. Nbd2
a6 9. Bd3 b5 10. Ne5 Bb7 11. Qf3 Qc7 12. g4 Nc6 13. Nxc6 Bxc6 14. g5 Nd7 15.
Qh3 g6 16. f4 a5 17. Qg4 Nb6 18. Bc1 b4 19. Ke2 Na4 20. h4 Nc3+ 21. Kf3 Bb5 22.
h5 Bxd3 23. cxd3 Nb5 24. hxg6 fxg6 25. Qxe6+ Kg7 26. Qxd5 Nxa3 27. Bxa3 bxa3
28. Nc4 a4 29. Ra2 Rab8 30. Rah2 Rh8 31. Ne5 Bb4 32. Nf7 1-0

[Event "Gibraltar Masters 2014"]
[Site "Caleta ENG"]
[Date "2014.01.28"]
[Round "1.117"]
[White "Villa Armenta, Enrique"]
[Black "Buchal, S."]
[Result "0-1"]
[WhiteElo "1718"]
[BlackElo "2324"]
[PlyCount "58"]
[EventDate "2014.01.28"]

1. Nf3 g6 2. d4 Bg7 3. c4 d6 4. Nc3 Nf6 5. g3 O-O 6. Bg2 Nc6 7. O-O a6 8. a3
Bd7 9. Qc2 Rb8 10. c5 Bf5 11. e4 Nxe4 12. g4 Nxc3 13. gxf5 Nb5 14. d5 Nbd4 15.
Qd1 Nxf3+ 16. Bxf3 Nd4 17. c6 bxc6 18. dxc6 Nxf5 19. Rb1 e6 20. Bf4 Qh4 21. Bg3
Qd4 22. Qe2 h5 23. Be4 Nxg3 24. hxg3 d5 25. Bd3 h4 26. Kg2 a5 27. Rh1 hxg3 28.
Bxg6 fxg6 29. Qxe6+ Rf7 0-1

[Event "Gibraltar Masters 2014"]
[Site "Caleta ENG"]
[Date "2014.01.28"]
[Round "1.118"]
[White "Tate, A."]
[Black "Magnusdottir, Veronika Steinunn"]
[Result "1-0"]
[WhiteElo "2321"]
[BlackElo "1561"]
[PlyCount "45"]
[EventDate "2014.01.28"]

1. e4 c5 2. Nf3 d6 3. c3 Nf6 4. h3 Nc6 5. d4 cxd4 6. cxd4 Bd7 7. Nc3 e6 8. Bd3
Qb6 9. Bb1 Be7 10. O-O O-O 11. Re1 Rfe8 12. a3 Rac8 13. Ba2 h6 14. e5 Nh7 15.
Qd3 Na5 16. d5 Nb3 17. Be3 Nc5 18. Qe2 Qc7 19. Rac1 dxe5 20. Ne4 exd5 21. Nxc5
d4 22. Nxd7 Qxd7 23. Nxe5 1-0

[Event "Gibraltar Masters 2014"]
[Site "Caleta ENG"]
[Date "2014.01.28"]
[Round "1.119"]
[White "Kuenitz, K."]
[Black "Quintin Navarro, A."]
[Result "0-1"]
[WhiteElo "1525"]
[BlackElo "2320"]
[PlyCount "62"]
[EventDate "2014.01.28"]

1. d4 Nf6 2. c4 e6 3. Nf3 Bb4+ 4. Bd2 Qe7 5. g3 Nc6 6. Bg2 Bxd2+ 7. Nbxd2 d6 8.
O-O a5 9. e4 e5 10. d5 Nb8 11. Ne1 h5 12. Nd3 h4 13. Rc1 hxg3 14. hxg3 Na6 15.
a3 Ng4 16. Qa4+ Bd7 17. Qxa5 Qg5 18. Nf3 Qh5 19. Rfd1 Nh2 20. Nh4 g5 21. Kxh2
gxh4 22. Rh1 Qe2 23. Kg1 Qxd3 24. c5 dxc5 25. Bf1 Qxe4 26. Bxa6 Rxa6 27. Qxc5
Rah6 28. Rc4 Qf3 29. Rc3 Qf6 30. Qxc7 hxg3 31. Qb8+ Ke7 0-1

[Event "Gibraltar Masters 2014"]
[Site "Caleta ENG"]
[Date "2014.01.29"]
[Round "2.2"]
[White "Flear, G."]
[Black "Vachier Lagrave, M."]
[Result "0-1"]
[WhiteElo "2471"]
[BlackElo "2745"]
[PlyCount "70"]
[EventDate "2014.01.28"]

1. d4 Nf6 2. c4 g6 3. f3 e6 4. e4 d5 5. cxd5 exd5 6. Nc3 dxe4 7. fxe4 Bb4 8.
Bg5 h6 9. Bxf6 Qxf6 10. Nf3 Bg4 11. Bb5+ c6 12. Be2 Nd7 13. O-O Qe7 14. Nd2 Be6
15. a3 Ba5 16. Nc4 Bxc4 17. Bxc4 O-O-O 18. Qg4 h5 19. Qh3 Rhf8 20. Rad1 Kb8 21.
Kh1 Bc7 22. b4 Nb6 23. Bb3 f6 24. d5 Qe5 25. dxc6 bxc6 26. Na4 Rxd1 27. Rxd1 f5
28. exf5 Nxa4 29. Bxa4 Rxf5 30. Bc2 Rf6 31. Qg3 Qxg3 32. hxg3 Bxg3 33. Be4 Kc7
34. Kg1 g5 35. Rc1 Bf2+ 0-1

[Event "Gibraltar Masters 2014"]
[Site "Caleta ENG"]
[Date "2014.01.29"]
[Round "2.4"]
[White "Galego, L."]
[Black "Vitiugov, N."]
[Result "0-1"]
[WhiteElo "2465"]
[BlackElo "2737"]
[PlyCount "124"]
[EventDate "2014.01.28"]

1. e4 c5 2. Nf3 e6 3. Nc3 Nc6 4. g3 Nf6 5. Bg2 Be7 6. O-O d6 7. d4 cxd4 8. Nxd4
O-O 9. a4 Qc7 10. Ndb5 Qb8 11. b3 b6 12. Bb2 Bb7 13. Re1 a6 14. Nd4 Qc7 15.
Nxc6 Bxc6 16. Qd4 Rfe8 17. h3 h6 18. Re2 Qb7 19. Na2 d5 20. exd5 Bxd5 21. Bxd5
Qxd5 22. Qxd5 Nxd5 23. c4 Nf6 24. Bd4 Nd7 25. Rd1 Nc5 26. Bxc5 bxc5 27. Rd7
Rab8 28. Nc1 Kf8 29. Kg2 Bf6 30. Re3 Bb2 31. Ne2 Re7 32. Rd2 Bf6 33. f4 h5 34.
Kf3 Reb7 35. Rdd3 g6 36. g4 hxg4+ 37. hxg4 Ke7 38. Ke4 Rh8 39. g5 Bg7 40. Rh3
Rbb8 41. Ng1 Rxh3 42. Rxh3 Rd8 43. Rd3 Rxd3 44. Kxd3 e5 45. fxe5 Bxe5 46. Ke4
Kd6 47. Ne2 Bb2 48. Kf4 Ba3 49. Ke4 Bb4 50. Ng1 Bc3 51. Nf3 Bb2 52. Kf4 Bc1+
53. Kg4 Be3 54. Kh4 Ke6 55. Kg4 a5 56. Ne1 Ke5 57. Nc2 Bc1 58. Ne1 Ke4 59. Nf3
Be3 60. Ne1 Bd2 61. Nf3 Bc3 62. Ng1 Kd3 0-1

[Event "Gibraltar Masters 2014"]
[Site "Caleta ENG"]
[Date "2014.01.29"]
[Round "2.5"]
[White "Eljanov, P."]
[Black "Paehtz, E."]
[Result "1/2-1/2"]
[WhiteElo "2733"]
[BlackElo "2458"]
[PlyCount "90"]
[EventDate "2014.01.28"]

1. d4 d5 2. c4 c6 3. Nc3 Nf6 4. e3 g6 5. Nf3 Bg7 6. Bd3 O-O 7. O-O Bg4 8. h3
Bxf3 9. Qxf3 e6 10. b3 Re8 11. Bb2 Nbd7 12. Rfd1 Rc8 13. Rac1 Qe7 14. Bf1 Nb6
15. Qe2 Rcd8 16. Qc2 Nbd7 17. a3 Rc8 18. Rd2 Red8 19. Qd1 Ne8 20. b4 a6 21. Qb3
Nd6 22. c5 Nf5 23. Bd3 Qg5 24. Qd1 h5 25. Qe2 h4 26. Qg4 Qe7 27. a4 Nh6 28. Qe2
e5 29. e4 exd4 30. exd5 dxc3 31. Qxe7 cxd2 32. Rd1 Bxb2 33. Rxd2 Bc3 34. dxc6
bxc6 35. Rc2 Bf6 36. Qe2 Rb8 37. Rd2 Rxb4 38. Bxg6 fxg6 39. Rxd7 Rxd7 40. Qe8+
Kg7 41. Qxd7+ Nf7 42. Qxc6 Rb1+ 43. Kh2 Be5+ 44. g3 Rb2 45. Kh1 hxg3 1/2-1/2

[Event "Gibraltar Masters 2014"]
[Site "Caleta ENG"]
[Date "2014.01.29"]
[Round "2.6"]
[White "Docx, S."]
[Black "Tomashevsky, E."]
[Result "1/2-1/2"]
[WhiteElo "2468"]
[BlackElo "2715"]
[PlyCount "74"]
[EventDate "2014.01.28"]

1. d4 Nf6 2. c4 e6 3. Nc3 Bb4 4. e3 c5 5. Bd3 Nc6 6. Nge2 cxd4 7. exd4 d5 8.
cxd5 Nxd5 9. O-O O-O 10. Bc2 Bd6 11. Nxd5 exd5 12. Bf4 Bg4 13. f3 Be6 14. Bxd6
Qxd6 15. Qd2 Rac8 16. Rac1 b6 17. Bd3 Qb4 18. Qxb4 Nxb4 19. Bb1 Rfd8 20. Kf2
Kf8 21. Rfe1 Rxc1 22. Rxc1 Rc8 23. Rxc8+ Bxc8 24. Nc3 Be6 25. Ke3 Ke7 26. h3 g6
27. g4 f6 28. h4 Nc6 29. Bc2 Bf7 30. h5 gxh5 31. gxh5 h6 32. Bg6 Be6 33. Ne2
Kd6 34. Ng3 Ne7 35. Kf4 Bd7 36. Bf7 Bc8 37. Bg6 Bd7 1/2-1/2

[Event "Gibraltar Masters 2014"]
[Site "Caleta ENG"]
[Date "2014.01.29"]
[Round "2.9"]
[White "Harikrishna, P."]
[Black "Akesson, R."]
[Result "1-0"]
[WhiteElo "2706"]
[BlackElo "2447"]
[PlyCount "97"]
[EventDate "2014.01.28"]

1. e4 c6 2. Nc3 d5 3. Nf3 Bg4 4. h3 Bxf3 5. Qxf3 e6 6. d4 Nf6 7. Bd3 dxe4 8.
Nxe4 Nxe4 9. Qxe4 Nd7 10. c3 Nf6 11. Qe2 Bd6 12. O-O O-O 13. Bg5 Re8 14. Qf3
Be7 15. Bd2 Qd5 16. Qe2 Rad8 17. Rfe1 a6 18. Bc4 Qd6 19. Qf3 Nd5 20. Re4 c5 21.
dxc5 Qxc5 22. Bb3 Qc6 23. Rc4 Qd6 24. Rd1 Bf6 25. Rg4 Qe7 26. c4 Nb6 27. Be3
Nc8 28. c5 Rxd1+ 29. Bxd1 Na7 30. Ba4 Rc8 31. Rb4 Nc6 32. Rb6 Qd7 33. Qd1 Qxd1+
34. Bxd1 Rc7 35. Bf3 Kf8 36. Bxc6 bxc6 37. b3 a5 38. Kf1 Bc3 39. Ke2 Ke8 40.
Kd3 Be1 41. Rb8+ Kd7 42. Bf4 Ra7 43. Bd6 e5 44. Rf8 Ke6 45. Re8+ Kf6 46. Bxe5+
Kg6 47. Bd4 Bb4 48. Rc8 Ra6 49. Ke4 1-0

[Event "Gibraltar Masters 2014"]
[Site "Caleta ENG"]
[Date "2014.01.29"]
[Round "2.10"]
[White "Zhukova, N."]
[Black "Navara, D."]
[Result "0-1"]
[WhiteElo "2449"]
[BlackElo "2702"]
[PlyCount "72"]
[EventDate "2014.01.28"]

1. Nf3 Nf6 2. c4 e6 3. g3 d5 4. Bg2 Be7 5. O-O O-O 6. d4 dxc4 7. Ne5 Nc6 8.
Bxc6 bxc6 9. Nxc6 Qe8 10. Nxe7+ Qxe7 11. Qa4 c5 12. Qxc4 cxd4 13. Qxd4 e5 14.
Qh4 h6 15. Nc3 Bb7 16. Be3 Qe6 17. f3 a5 18. Rac1 Rac8 19. b3 e4 20. Bd4 Rfd8
21. Bxf6 exf3 22. e4 Qb6+ 23. Rf2 Rd2 24. Rcf1 Ba6 25. Qf4 Rc2 26. Qxf3 Bxf1
27. Nd5 Qxf2+ 28. Qxf2 Rxf2 29. Kxf2 Rc2+ 30. Kxf1 gxf6 31. a3 Rxh2 32. b4 Kg7
33. bxa5 Ra2 34. a6 Rxa3 35. Kf2 Kg6 36. Nc7 Kg5 0-1

[Event "Gibraltar Masters 2014"]
[Site "Caleta ENG"]
[Date "2014.01.29"]
[Round "2.11"]
[White "Rapport, R."]
[Black "Sachdev, T."]
[Result "1/2-1/2"]
[WhiteElo "2691"]
[BlackElo "2442"]
[PlyCount "257"]
[EventDate "2014.01.28"]

1. Nc3 d5 2. d4 Nf6 3. Bf4 c6 4. e3 Bf5 5. f3 e6 6. g4 Bg6 7. h4 h6 8. Bd3 Bxd3
9. cxd3 Bd6 10. Nge2 Bxf4 11. Nxf4 Nbd7 12. Kf2 Ng8 13. Qb3 Qb6 14. Na4 Qxb3
15. axb3 Ne7 16. b4 O-O-O 17. Nc5 Kb8 18. h5 b6 19. Nb3 e5 20. dxe5 Nxe5 21.
Nd4 Kb7 22. Nf5 g5 23. hxg6 N7xg6 24. Ke2 Nxf4+ 25. exf4 Ng6 26. Kd2 Nxf4 27.
Ra4 Rhe8 28. Rha1 Re2+ 29. Kd1 Ra8 30. b5 Rh2 31. bxc6+ Kc7 32. R1a3 Ng6 33.
Rd4 Rd8 34. Rxa7+ Kxc6 35. Kc1 Ne5 36. Kb1 Nxf3 37. Rf4 Ng5 38. Rf1 Ne6 39.
Rxf7 Kb5 40. Ra7 Rg8 41. Rc1 Nc5 42. Nd4+ Kb4 43. Nc2+ Kb5 44. Nd4+ Kb4 45. Ra3
Rxg4 46. Nc2+ Kb5 47. d4 Ne4 48. Rb3+ Ka6 49. Nb4+ Kb7 50. Ka2 Rg8 51. Nxd5
Ra8+ 52. Ra3 Rxa3+ 53. Kxa3 Rd2 54. Rc7+ Kb8 55. Rh7 Rd3+ 56. b3 Rxd4 57. Nxb6
Nc5 58. Nc4 Rd3 59. Na5 Rd6 60. Kb4 Na6+ 61. Kb5 Nc7+ 62. Kc4 Rg6 63. b4 Rg4+
64. Kc5 Na6+ 65. Kb6 Rxb4+ 66. Kxa6 Kc8 67. Nc6 Rb1 68. Nd4 h5 69. Nb5 h4 70.
Kb6 h3 71. Kc6 Rc1+ 72. Kd5 Rd1+ 73. Nd4 h2 74. Rxh2 Kd7 75. Rh7+ Kd8 76. Ra7
Ke8 77. Ke5 Re1+ 78. Kf6 Rf1+ 79. Nf5 Kd8 80. Ra3 Kd7 81. Re3 Ra1 82. Nd4 Ra6+
83. Ne6 Ra1 84. Rd3+ Kc6 85. Rd2 Rf1+ 86. Ke7 Re1 87. Rd6+ Kb5 88. Kd7 Kc4 89.
Kc6 Re5 90. Nc7 Rc5+ 91. Kb6 Rh5 92. Rc6+ Kd4 93. Ne6+ Ke3 94. Rd6 Ke4 95. Kc6
Ke3 96. Rd1 Ke2 97. Ra1 Ke3 98. Kd6 Rh6 99. Ke5 Rh5+ 100. Kf6 Rb5 101. Ra3+ Ke4
102. Ke7 Rb7+ 103. Kd6 Rb6+ 104. Kd7 Ke5 105. Re3+ Kd5 106. Re1 Rd6+ 107. Ke7
Rb6 108. Kf6 Ra6 109. Kf5 Kd6 110. Rd1+ Ke7 111. Nc5 Ra2 112. Rd7+ Ke8 113. Rh7
Rf2+ 114. Ke5 Re2+ 115. Ne4 Re1 116. Ra7 Kf8 117. Kd5 Rd1+ 118. Ke6 Re1 119.
Kf5 Ke8 120. Nf6+ Kd8 121. Kg6 Rg1+ 122. Kf7 Re1 123. Nd5 Kc8 124. Ne7+ Kd8
125. Kf6 Ke8 126. Nc6 Rf1+ 127. Ke6 Re1+ 128. Ne5 Kd8 129. Rh7 1/2-1/2

[Event "Gibraltar Masters 2014"]
[Site "Caleta ENG"]
[Date "2014.01.29"]
[Round "2.13"]
[White "Rodshtein, M."]
[Black "Kohlweyer, B."]
[Result "1-0"]
[WhiteElo "2682"]
[BlackElo "2437"]
[PlyCount "105"]
[EventDate "2014.01.28"]

1. c4 e5 2. Nc3 Bb4 3. Nd5 a5 4. a3 Be7 5. d4 d6 6. Nf3 e4 7. Nd2 f5 8. Nb1 Nf6
9. Nxe7 Qxe7 10. Nc3 O-O 11. e3 c6 12. Be2 Be6 13. Bd2 Nbd7 14. O-O d5 15. cxd5
Nxd5 16. Nxd5 Bxd5 17. b4 a4 18. b5 Qe6 19. bxc6 bxc6 20. Rb1 Bb3 21. Qc1 Kh8
22. Qc3 Rfc8 23. Rfc1 Nf6 24. Bc4 Bxc4 25. Qxc4 Qd7 26. h3 Nd5 27. Qc5 h6 28.
Kh2 Ra7 29. Kh1 Kg8 30. Rc2 Kh7 31. Rcb2 Qc7 32. Bb4 Qf7 33. Bd2 Qc7 34. Rc2
Qd7 35. Rbc1 Kh8 36. Qc4 Qd6 37. Qa2 Qd7 38. Rc5 Rcc7 39. Qc2 Ra6 40. Qc4 Raa7
41. Rxc6 Rxc6 42. Qxc6 Qxc6 43. Rxc6 Rc7 44. Rd6 Nf6 45. Kg1 Rc2 46. Bb4 Rc1+
47. Kh2 Rc2 48. d5 Kh7 49. Rc6 Rb2 50. Bc3 Rb5 51. Bxf6 gxf6 52. Rxf6 Rxd5 53.
Kg3 1-0

[Event "Gibraltar Masters 2014"]
[Site "Caleta ENG"]
[Date "2014.01.29"]
[Round "2.14"]
[White "Munguntuul, B."]
[Black "Li Chao2"]
[Result "0-1"]
[WhiteElo "2438"]
[BlackElo "2680"]
[PlyCount "70"]
[EventDate "2014.01.28"]

1. e4 c5 2. Nf3 d6 3. d4 cxd4 4. Nxd4 Nf6 5. Nc3 Nc6 6. Be2 g6 7. O-O Bg7 8.
Be3 O-O 9. Kh1 Bd7 10. f4 Nxd4 11. Bxd4 Bc6 12. Bf3 Rc8 13. Re1 Re8 14. Nd5 e5
15. fxe5 dxe5 16. Nxf6+ Bxf6 17. Be3 Qa5 18. Qe2 Bh4 19. g3 Be7 20. Qf2 b6 21.
Bg2 Qb4 22. c3 Qc4 23. Kg1 Red8 24. Rf1 Be8 25. a4 Rd3 26. Kh1 Bc6 27. a5 Bxe4
28. axb6 axb6 29. Bxb6 Rc6 30. Ba7 Rf6 31. Qe2 Bxg2+ 32. Qxg2 Rd2 33. Qa8+ Kg7
34. Rfe1 Bc5 35. b3 Rff2 0-1